书目信息 |
| 题名: |
流动注射分析法
|
|
| 作者: | 方肇伦 著 | |
| 分册: | ||
| 出版信息: | 北京 科学出版社 1999.08 |
|
| 页数: | 410页 | |
| 开本: | 32开 | |
| 丛书名: | ||
| 单 册: | ||
| 中图分类: | O652.7 | |
| 科图分类: | ||
| 主题词: | 分析化学 , 分析(化学) | |
| 电子资源: | ||
| ISBN: | 7-03-007148-4 | |
| 000 | 00574nam0 2200205 45 | |
| 001 | 0009051919 | |
| 005 | 20000905190513.0 | |
| 010 | @a7-03-007148-4@d29.00元 | |
| 100 | @a20000905d1999 km y0chiy0120 ea | |
| 101 | 0 | @achi |
| 105 | @a z 000yy | |
| 200 | 1 | @a流动注射分析法@ALiu Dong Zhu She Fen Xi Fa@f方肇伦等著@FFang Zhao Lun Deng Zhu |
| 210 | @a北京@c科学出版社@d1999.08 | |
| 215 | @a410页@d32开 | |
| 606 | 0 | @a分析化学 |
| 606 | 0 | @a分析(化学) |
| 690 | @aO652.7@v3 | |
| 701 | 0 | @a方肇伦@4著 |
| 801 | @aCN@bPftUser@c20000905 | |
| 905 | @b121246-247@dO652.7@eF493@f2 | |
| 流动注射分析法/方肇伦等著.-北京:科学出版社,1999.08 |
| 410页;32开 |
| ISBN 7-03-007148-4:29.00元 |
| ● |
| 相关链接 |
|
|
|
正题名:流动注射分析法
索取号:O652.7/F493
 
预约/预借
| 序号 | 登录号 | 条形码 | 馆藏地/架位号 | 状态 | 备注 |
| 1 | 121246 | 201212464 | 自科库401/401自科库 65排7列3层/ [索取号:O652.7/F493] | 在馆 | |
| 2 | 121247 | 201212473 | 自科库401/401自科库 65排7列3层/ [索取号:O652.7/F493] | 在馆 |